000 00359 a2200157 4500
001 176113
020 _a
040 _cMagnum
100 _aAquino, Rubim Santos Leao de
240 1 0 _aHistoria das sociedades
_lpor
245 1 0 _aHistoria das sociedades
362 0 _a1899
440 1 _aAo Livro Técnico
697 _aMAGNITO: PARADIDATICO
942 _cBK
999 _c176113
_d176113